[Event "Prague Golden Blitz op"]
[Site "Prague"]
[Date "2023.06.18"]
[Round "4"]
[White "Brejnik, Gustav"]
[Black "Rudiano, Nicolas"]
[Result "1-0"]
[WhiteElo "2244"]
[BlackElo "1951"]
[PlyCount "120"]
[EventDate "2023.06.18"]
[EventType "swiss (blitz)"]
[EventRounds "11"]
[EventCountry "CZE"]
[SourceTitle "CBM 215 Extra"]
[Source "ChessBase"]
[SourceDate "2023.09.30"]
[SourceVersion "1"]
[SourceVersionDate "2023.09.30"]
[SourceQuality "1"]

1. d4 d5 2. c4 c6 3. Nc3 Nf6 4. cxd5 cxd5 5. Bf4 Nc6 6. e3 Bf5 7. Nf3 e6 8. Qb3 Qb6 9. Qxb6 axb6 10. Bb5 Bb4 11. Ne5 Rc8 12. Rc1 0-0 13. 0-0 Bxc3 14. Rxc3 Nxe5 15. Bxe5 Rxc3 16. bxc3 Ne4 17. Rc1 Rc8 18. c4 f6 19. Bg3 Nxg3 20. hxg3 Bd3 21. Bd7 Rxc4 22. Bxe6+ Kf8 23. Rd1 Be4 24. f3 Ke7 25. Bg8 Rc8 26. fxe4 Rxg8 27. exd5 Rc8 28. Rd2 Rc3 29. Kf2 Kd6 30. e4 b5 31. Rb2 Rc4 32. Rxb5 Rxd4 33. Ke3 Ra4 34. Rxb7 Ra3+ 35. Kf4 Rxa2 36. Rxg7 Rxg2 37. Rxh7 Rf2+ 38. Ke3 Rg2 39. Kf3 Ra2 40. Rh6 Ke5 41. Rh5+ Kd6 42. Rf5 Ke7 43. g4 Ra1 44. Ke3 Rg1 45. g5 fxg5 46. Kf2 Rg4 47. Kf3 Rg1 48. e5 Rd1 49. d6+ Ke6 50. Rxg5 Rf1+ 51. Ke3 Re1+ 52. Kd4 Rd1+ 53. Kc5 Rc1+ 54. Kb6 Rc2 55. Rh5 Rc1 56. Rh6+ Kxe5 57. d7 Rb1+ 58. Kc7 Rc1+ 59. Rc6 Rd1 60. d8Q Ke4 1-0

[Event "Prague Golden Blitz op"]
[Site "Prague"]
[Date "2023.06.18"]
[Round "2"]
[White "Halousek, Jaroslav"]
[Black "Rudiano, Nicolas"]
[Result "1/2-1/2"]
[WhiteElo "1647"]
[BlackElo "1951"]
[PlyCount "120"]
[EventDate "2023.06.18"]
[EventType "swiss (blitz)"]
[EventRounds "11"]
[EventCountry "CZE"]
[SourceTitle "CBM 215 Extra"]
[Source "ChessBase"]
[SourceDate "2023.09.30"]
[SourceVersion "1"]
[SourceVersionDate "2023.09.30"]
[SourceQuality "1"]

1. Nf3 Nf6 2. g3 d5 3. Bg2 Bf5 4. d3 h6 5. Nbd2 e6 6. 0-0 Be7 7. c4 c6 8. b3 0-0 9. Bb2 Nbd7 10. Rc1 Re8 11. Rc2 a5 12. a3 Qb6 13. Qa1 Bf8 14. Rfc1 Bc5 15. Bd4 Bxd4 16. Qxd4 Qxd4 17. Nxd4 Bg6 18. cxd5 exd5 19. Bf3 Ne5 20. Kg2 Nxf3 21. N2xf3 Nd7 22. Re1 Ra6 23. Nh4 Ne5 24. Nxg6 fxg6 25. Nf3 Rb6 26. Nxe5 Rxe5 27. Rc3 d4 28. Rc4 Rxb3 29. Rxd4 Rxa3 30. Rd7 Rb3 31. f4 Reb5 32. e4 a4 33. e5 Rb1 34. Re3 Rd5 35. Rc7 Rd8 36. e6 Re8 37. e7 Kf7 38. Re4 a3 39. Ra4 Rxe7 40. Rxe7+ Kxe7 41. Rxa3 Kd6 42. Kf3 b5 43. Ke4 b4 44. Ra8 b3 45. Rb8 b2 46. Kd4 c5+ 47. Kc3 Kd5 48. Rxb2 Rxb2 49. Kxb2 Kd4 50. Kc2 h5 51. h3 Ke3 52. Kc3 h4 53. gxh4 Kxf4 54. Kc4 Ke3 55. Kxc5 Kxd3 56. Kd5 Ke3 57. Ke6 Kf4 58. Kf7 Kg3 59. Kxg7 Kxh4 60. Kxg6 Kxh3 1/2-1/2

[Event "Prague Golden Rapid op"]
[Site "Prague"]
[Date "2023.06.17"]
[Round "1"]
[White "Barth, Vit1111"]
[Black "Rudiano, Nicolas"]
[Result "0-1"]
[WhiteElo "1421"]
[BlackElo "2022"]
[PlyCount "108"]
[EventDate "2023.06.17"]
[EventType "swiss (rapid)"]
[EventRounds "9"]
[EventCountry "CZE"]
[SourceTitle "CBM 215 Extra"]
[Source "ChessBase"]
[SourceDate "2023.09.30"]
[SourceVersion "1"]
[SourceVersionDate "2023.09.30"]
[SourceQuality "1"]

1. d4 d5 2. c4 c6 3. Nc3 Nf6 4. e3 Bf5 5. Bd3 Bxd3 6. Qxd3 e6 7. Nf3 Nbd7 8. 0-0 Be7 9. Re1 0-0 10. e4 dxe4 11. Nxe4 Nxe4 12. Qxe4 Nf6 13. Qd3 c5 14. Be3 Qc7 15. Rad1 Rfd8 16. g3 Rac8 17. b3 cxd4 18. Bxd4 Bc5 19. Qe3 Bxd4 20. Rxd4 Rxd4 21. Qxd4 Qa5 22. Rd1 h6 23. a4 Qb4 24. Rd3 a6 25. Ne5 Qe1+ 26. Kg2 b5 27. Nd7 Nxd7 28. Qxd7 Qe4+ 29. Kg1 Qc6 30. Qxc6 Rxc6 31. cxb5 axb5 32. axb5 Rb6 33. h4 Rxb5 34. g4 g6 35. Kg2 Kg7 36. Kf3 Kf6 37. Ke4 Rb4+ 38. Kf3 e5 39. Ke3 Rxg4 40. Rd6+ Ke7 41. Rb6 Rxh4 42. b4 h5 43. b5 Rb4 44. Rb8 Ke6 45. b6 Kf5 46. b7 f6 47. Kd3 h4 48. Kc3 Rb1 49. Kc2 Rb6 50. Rh8 Rxb7 51. Rxh4 Rd7 52. Rh3 g5 53. Rc3 g4 54. Rg3 Kf4 0-1

[Event "Prague Golden Rapid op"]
[Site "Prague"]
[Date "2023.06.17"]
[Round "7"]
[White "Mikhno, Artem"]
[Black "Rudiano, Nicolas"]
[Result "0-1"]
[WhiteElo "1792"]
[BlackElo "2022"]
[PlyCount "80"]
[EventDate "2023.06.17"]
[EventType "swiss (rapid)"]
[EventRounds "9"]
[EventCountry "CZE"]
[SourceTitle "CBM 215 Extra"]
[Source "ChessBase"]
[SourceDate "2023.09.30"]
[SourceVersion "1"]
[SourceVersionDate "2023.09.30"]
[SourceQuality "1"]

1. d4 d5 2. c4 c6 3. Nc3 Nf6 4. Bg5 dxc4 5. e3 b5 6. a4 b4 7. Bxf6 bxc3 8. Bxe7 Bxe7 9. bxc3 Ba6 10. Nf3 0-0 11. Ne5 Qd5 12. Qf3 Bf6 13. Ng4 Qxf3 14. gxf3 Nd7 15. Bg2 h5 16. Nxf6+ Nxf6 17. Kd2 Rab8 18. Rhb1 Nd5 19. f4 Rb3 20. Rxb3 cxb3 21. c4 Bxc4 22. Rc1 b2 23. Rb1 Rb8 24. Kc2 Bb3+ 25. Kxb2 Bxa4+ 26. Kc1 Rxb1+ 27. Kxb1 Kf8 28. Kb2 Ke7 29. Ka3 Bb5 30. f5 f6 31. Bf3 h4 32. e4 Nf4 33. Bd1 Kd6 34. f3 Be2 35. Bc2 Bxf3 36. Kb4 Nh3 37. Kc3 Ng5 38. e5+ fxe5 39. dxe5+ Kxe5 40. Kd2 Be4 0-1

[Event "Prague Golden Rapid op"]
[Site "Prague"]
[Date "2023.06.17"]
[Round "9"]
[White "Ulam Orgikh, Amartuvshin"]
[Black "Rudiano, Nicolas"]
[Result "0-1"]
[WhiteElo "1482"]
[BlackElo "2022"]
[PlyCount "58"]
[EventDate "2023.06.17"]
[EventType "swiss (rapid)"]
[EventRounds "9"]
[EventCountry "CZE"]
[SourceTitle "CBM 215 Extra"]
[Source "ChessBase"]
[SourceDate "2023.09.30"]
[SourceVersion "1"]
[SourceVersionDate "2023.09.30"]
[SourceQuality "1"]

1. e4 c5 2. Bc4 e6 3. Bb3 Nc6 4. c3 Nf6 5. d3 d5 6. exd5 exd5 7. Ne2 Bd6 8. 0-0 0-0 9. Ng3 d4 10. Na3 h6 11. Nc4 Bc7 12. h3 b5 13. Nd2 dxc3 14. bxc3 Qxd3 15. Qf3 Qxf3 16. Nxf3 Ne5 17. Nh2 Bb7 18. f4 Nd3 19. Ng4 Nxg4 20. hxg4 Rfe8 21. Nf5 Re2 22. Nh4 Rae8 23. g5 hxg5 24. fxg5 c4 25. Bd1 Re1 26. Bd2 Bb6+ 27. Kh2 Rxf1 28. Bf3 Bc7+ 29. Kh3 Nf2# 0-1

[Event "Pardubice Czech op-J 30th"]
[Site "Pardubice"]
[Date "2019.07.15"]
[Round "5"]
[White "Druchenko, Mikhail"]
[Black "Rudiano, Nicolas"]
[Result "0-1"]
[WhiteElo "1829"]
[BlackElo "2070"]
[PlyCount "88"]
[EventDate "2019.07.12"]
[EventType "swiss"]
[EventRounds "7"]
[EventCountry "CZE"]
[SourceTitle "CBM 192 Extra"]
[Source "Chessbase"]
[SourceDate "2019.11.06"]
[SourceVersion "1"]
[SourceVersionDate "2019.11.06"]
[SourceQuality "1"]

1. e4 c5 2. Nf3 d6 3. c3 Nf6 4. h3 Nc6 5. Bd3 d5 6. e5 Nd7 7. Qe2 Qc7 8. Bb5 e6 9. 0-0 Be7 10. d4 a6 11. Bxc6 bxc6 12. a3 a5 13. Re1 Ba6 14. Qc2 h6 15. Be3 0-0 16. Nbd2 c4 17. b4 cxb3 18. Nxb3 Rab8 19. Nh2 c5 20. Qd1 cxd4 21. Bxd4 Rfc8 22. f4 Nc5 23. Nxc5 Bxc5 24. Nf3 Rb2 25. Qc1 Bxd4+ 26. Nxd4 Qxc3 27. Qxc3 Rxc3 28. Rec1 Rxc1+ 29. Rxc1 Bc4 30. f5 exf5 31. Nxf5 Re2 32. Nd6 Bb3 33. Rc8+ Kh7 34. Nxf7 d4 35. Kf1 d3 36. Rd8 Bxf7 37. Rxd3 Rxe5 38. Kf2 Rb5 39. Rd7 Bb3 40. h4 a4 41. g4 Rd5 42. Rxd5 Bxd5 43. Ke3 Kg6 44. Kd4 Bf3 0-1

[Event "Prague Golden op 14th"]
[Site "Prague"]
[Date "2018.07.04"]
[Round "5"]
[White "Janacek, Jaroslav"]
[Black "Rudiano, Nicolas"]
[Result "1/2-1/2"]
[WhiteElo "1989"]
[BlackElo "2053"]
[PlyCount "97"]
[EventDate "2018.06.30"]
[EventType "swiss"]
[EventRounds "9"]
[EventCountry "CZE"]
[SourceTitle "CBM 185 Extra"]
[Source "ChessBase"]
[SourceDate "2018.07.29"]
[SourceVersion "1"]
[SourceVersionDate "2018.07.29"]
[SourceQuality "1"]

1. d4 d5 2. Bf4 Nf6 3. e3 c5 4. c3 cxd4 5. exd4 Nc6 6. Nd2 Bf5 7. Qb3 Qb6 8. Qxb6 axb6 9. Bb5 Nd7 10. Ngf3 e6 11. Nh4 Bc2 12. 0-0 Be7 13. Nhf3 0-0 14. Rfe1 Rfc8 15. Rac1 Bg6 16. a3 h6 17. h4 Nf6 18. Ne5 Nxe5 19. dxe5 Nh5 20. Be3 Bc5 21. Nf1 Bxe3 22. fxe3 Rc5 23. a4 f5 24. Nd2 Rc7 25. c4 Rac8 26. Rc3 Ng3 27. Kf2 Ne4+ 28. Nxe4 fxe4 29. Rec1 Kf8 30. Ke1 Be8 31. cxd5 Rxc3 32. bxc3 Bxb5 33. axb5 exd5 34. Kd2 Ke7 35. c4 dxc4 36. Kc3 Rd8 37. Re1 Ke6 38. h5 Kxe5 39. Kxc4 Rd2 40. g4 Rd3 41. Re2 Rd1 42. Rf2 Rc1+ 43. Kb3 Rc7 44. Rf8 Kd6 45. Kb4 Ke6 46. Re8+ Kd5 47. Rd8+ Ke5 48. Re8+ Kd5 49. Rd8+ 1/2-1/2

[Event "Pardubice Czech op-C 28th"]
[Site "Pardubice"]
[Date "2017.07.29"]
[Round "9"]
[White "Rudiano, Nicolas"]
[Black "Atri, Jamshid"]
[Result "1-0"]
[WhiteElo "2029"]
[BlackElo "2021"]
[PlyCount "61"]
[EventDate "2017.07.22"]
[EventType "swiss"]
[EventRounds "9"]
[EventCountry "CZE"]
[SourceTitle "CBM 179 Extra"]
[Source "ChessBase"]
[SourceDate "2017.08.23"]
[SourceVersion "1"]
[SourceVersionDate "2017.08.23"]
[SourceQuality "1"]

1. e4 e5 2. Nf3 d6 3. d4 Nf6 4. Nc3 Nbd7 5. Bc4 Be7 6. 0-0 c6 7. a4 Qc7 8. Bb3 h6 9. Qe2 g5 10. Qc4 Rf8 11. a5 c5 12. dxe5 Nxe5 13. Nxe5 dxe5 14. Be3 a6 15. Ba4+ Bd7 16. Bxd7+ Qxd7 17. Rfd1 Qc6 18. Nd5 Rc8 19. Nxf6+ Qxf6 20. Rd5 Qe6 21. Rad1 h5 22. Qb3 Rc7 23. Qa4+ Rc6 24. Bxc5 Bxc5 25. Rxc5 h4 26. Rxc6 bxc6 27. Qb4 Qc8 28. Qc5 f6 29. Rd6 Qg4 30. Qxc6+ Ke7 31. Qc7+ 1-0

[Event "Pardubice Czech op-C 28th"]
[Site "Pardubice"]
[Date "2017.07.25"]
[Round "5"]
[White "Manafov, Rafail"]
[Black "Rudiano, Nicolas"]
[Result "0-1"]
[WhiteElo "1879"]
[BlackElo "2029"]
[PlyCount "110"]
[EventDate "2017.07.22"]
[EventType "swiss"]
[EventRounds "9"]
[EventCountry "CZE"]
[SourceTitle "CBM 179 Extra"]
[Source "ChessBase"]
[SourceDate "2017.08.23"]
[SourceVersion "1"]
[SourceVersionDate "2017.08.23"]
[SourceQuality "1"]

1. c4 c6 2. d4 d5 3. cxd5 cxd5 4. Nf3 Nf6 5. e3 Nc6 6. Be2 Bf5 7. 0-0 e6 8. Nc3 Bd6 9. a3 h6 10. h3 0-0 11. Bd3 Bxd3 12. Qxd3 a6 13. b4 b5 14. Bb2 Rc8 15. Rad1 Bb8 16. Ba1 Qd7 17. Ne2 Ne4 18. Ne5 Qe8 19. Rc1 Nd6 20. Nxc6 Rxc6 21. f3 Qd7 22. e4 Rfc8 23. exd5 exd5 24. Rc5 Nb7 25. Rxc6 Rxc6 26. f4 Nd6 27. Nc1 Qf5 28. g4 Qxd3 29. Nxd3 Nc4 30. Re1 Kf8 31. Nc5 Bd6 32. Bc3 Nxa3 33. Ra1 Nc4 34. Rxa6 Rxa6 35. Nxa6 Bxf4 36. Nc5 Ke7 37. Kf2 Bd6 38. Kf3 Nb6 39. Ke3 Nd7 40. Kd3 Nb8 41. Nb7 Nc6 42. Na5 Kd7 43. Nxc6 Kxc6 44. Ke3 Kd7 45. Kf3 Ke6 46. Bd2 f5 47. h4 g6 48. g5 hxg5 49. hxg5 f4 50. Kg4 f3 51. Kxf3 Kf5 52. Be1 Kxg5 53. Ke3 Kf5 54. Kf3 g5 55. Bd2 g4+ 0-1

[Event "Paris-ch op"]
[Site "Paris"]
[Date "2000.07.17"]
[Round "3"]
[White "Rudiano, Nicolas"]
[Black "Bernard, Vincent"]
[Result "1/2-1/2"]
[WhiteElo "2130"]
[BlackElo "2224"]
[PlyCount "59"]
[EventDate "2000.07.15"]
[EventType "swiss"]
[EventRounds "9"]
[EventCountry "FRA"]
[SourceTitle "EXT 2001"]
[Source "ChessBase"]
[SourceDate "2000.11.22"]
[SourceVersion "1"]
[SourceVersionDate "2000.11.22"]
[SourceQuality "1"]

1. e4 c5 2. Nf3 Nc6 3. d4 cxd4 4. Nxd4 g6 5. c4 Nf6 6. Nc3 d6 7. Be2 Nxd4 8. Qxd4 Bg7 9. Bg5 0-0 10. Qd2 Be6 11. 0-0 Qa5 12. Rac1 a6 13. b3 b5 14. Nd5 Qxd2 15. Nxf6+ Bxf6 16. Bxd2 Rfc8 17. cxb5 axb5 18. Rxc8+ Rxc8 19. Rc1 Rxc1+ 20. Bxc1 Bd7 21. Kf1 Bd4 22. Bd1 Bc6 23. f3 b4 24. Bd2 Bc5 25. Be2 e6 26. Ba6 Kf8 27. Ke2 f5 28. Kd3 fxe4+ 29. fxe4 Ke7 30. Bg5+ 1/2-1/2

[Event "Issy les Moulineaux tt"]
[Site "Issy les Moulineaux"]
[Date "2000.06.11"]
[Round "2.2"]
[White "Le Horgne, Erwan"]
[Black "Rudiano, Nicolas"]
[Result "0-1"]
[WhiteElo "2088"]
[BlackElo "2113"]
[PlyCount "86"]
[EventDate "2000.06.10"]
[EventType "team"]
[EventRounds "7"]
[EventCountry "FRA"]
[SourceTitle "EXT 2007"]
[Source "ChessBase"]
[SourceDate "2006.11.23"]
[SourceVersion "1"]
[SourceVersionDate "2006.11.23"]
[SourceQuality "1"]

1. e4 e5 2. Nf3 Nc6 3. Bb5 a6 4. Ba4 Nf6 5. 0-0 b5 6. Bb3 Be7 7. Re1 0-0 8. c3 d5 9. exd5 Nxd5 10. Nxe5 Nxe5 11. Rxe5 c6 12. d3 Bd6 13. Re1 Qh4 14. g3 Qh3 15. Re4 Qf5 16. Nd2 Qg6 17. Nf1 Bf5 18. Bxd5 cxd5 19. Rd4 Be6 20. Ne3 Rad8 21. Nxd5 Bxd5 22. Rxd5 Bxg3 23. Rg5 Rxd3 24. Qe2 Bxf2+ 25. Qxf2 Rd1+ 26. Kg2 Qe4+ 27. Kh3 Rfd8 28. Rg4 Qe6 29. Kh4 R8d3 30. a4 Rxc1 31. Rxg7+ Kxg7 32. Qg2+ Kf8 33. Qa8+ Kg7 34. Qg2+ Qg6 35. Qxg6+ hxg6 36. Rxc1 Rd2 37. axb5 axb5 38. b3 Rxh2+ 39. Kg3 Rb2 40. c4 Rxb3+ 41. Kf4 bxc4 42. Rxc4 Rb7 43. Rc6 Rb4+ 0-1